000 00694cam a22002294a 4500
001 4521272
005 20240221034907.0
008 990305s1999 enk b 001 0 eng
020 _a0415196612 (hbk.)
020 _a0415196620 (pbk.)
040 _aDLC
_cDLC
_dDLC
082 0 0 _a320.51
_221
_bLIB.
100 1 _aBellamy, Richard
245 1 0 _aLiberalism and pluralism :
_btowards a politics of compromise /
_cRichard Bellamy.
260 _aLondon ;
_aNew York :
_bRoutledge,
_c1999.
300 _ax, 245 p. ;
650 0 _aLiberalism.
650 0 _aCultural pluralism.
650 0 _aCompromise (Ethics)
856 4 2 _uhttp://www.loc.gov/catdir/enhancements/fy0649/99020773-d.html
942 _cL
999 _c448
_d448